Silence in Communication bakalárska práca

Enregistré dans:
Détails bibliographiques
Auteur principal: Benka, Ondrej
Collectivité auteur: Fakulta aplikovaných jazykov EU v Bratislave. Katedra interkultúrnej komunikácie
Autres auteurs: Pavlíková, Žaneta, 1973-
Format: Livre
Langue:anglais
Publié: Bratislava 2020
Tags: Ajouter un tag
Pas de tags, Soyez le premier à ajouter un tag!

MARC

LEADER 00000nbm a2200000 4500
001 0274875
005 20220216092302.7
041 0 |a eng 
044 |a SK 
245 1 0 |a Silence in Communication  |b bakalárska práca  |c Ondrej Benka ; školiteľ: Žaneta Pavlíková 
264 1 |a Bratislava  |c 2020 
300 |a 54 s. 
100 1 |a Benka, Ondrej 
700 1 |a Pavlíková, Žaneta, 1973- 
710 2 |a Fakulta aplikovaných jazykov EU v Bratislave. Katedra interkultúrnej komunikácie